000
00307nam a22001217a 4500
082
_a
100
_b
SWA/C
100
_a
SWAMI VIVEKANANDA
245
_a
THE COMPLETE WORKS OF SWAMI VIVEKANANDA
260
_a
KOLKATA
_b
ADVAITA ASHRAMA
300
_a
609
650
_a
WORKS OF SWAMI VIVEKANANDA
_z
KOLKATA
942
_c
BK
999
_c
5695
_d
5695